[Event "Sao Paulo Carnaval op"]
[Site "Sao Paulo"]
[Date "2020.02.24"]
[Round "5"]
[White "Couto, Januario Pereira Do"]
[Black "Fujihira, Victor"]
[Result "1-0"]
[WhiteElo "1393"]
[BlackElo "1233"]
[PlyCount "68"]
[EventDate "2020.02.22"]
[EventType "swiss"]
[EventRounds "7"]
[EventCountry "BRA"]
[SourceTitle "CBM 195 Extra"]
[Source "ChessBase"]
[SourceDate "2020.05.31"]
[SourceVersion "1"]
[SourceVersionDate "2020.05.31"]
[SourceQuality "1"]

1. e4 e5 2. Nf3 Nc6 3. Bb5 Nf6 4. 0-0 d6 5. d4 Bd7 6. c3 Nxe4 7. Bxc6 Bxc6 8. dxe5 Be7 9. exd6 Bxd6 10. Nd4 Qh4 11. g3 Qh3 12. Nxc6 bxc6 13. Re1 f5 14. Qb3 Kd7 15. Qf7+ Kc8 16. Nd2 Nf6 17. Qe6+ Kd8 18. Qc4 Nd7 19. Nf3 f4 20. Bxf4 Bxf4 21. Qxf4 Nf6 22. Rad1+ Nd5 23. c4 Rb8 24. b3 Rb4 25. Qg5+ Kc8 26. cxd5 Kb7 27. dxc6+ Ka6 28. Qe3 Qf5 29. Qd3+ Rb5 30. Re5 Qxd3 31. Rxd3 Rxe5 32. Nxe5 Re8 33. Rc3 Kb5 34. f4 Kb4 1-0

[Event "Sao Paulo Carnaval op"]
[Site "Sao Paulo"]
[Date "2020.02.22"]
[Round "1"]
[White "Couto, Januario Pereira Do"]
[Black "Deus Filho, Joaquim"]
[Result "0-1"]
[WhiteElo "1393"]
[BlackElo "1892"]
[PlyCount "40"]
[EventDate "2020.02.22"]
[EventType "swiss"]
[EventRounds "7"]
[EventCountry "BRA"]
[SourceTitle "CBM 195 Extra"]
[Source "ChessBase"]
[SourceDate "2020.05.31"]
[SourceVersion "1"]
[SourceVersionDate "2020.05.31"]
[SourceQuality "1"]

1. e4 Nc6 2. d4 Nf6 3. f3 g6 4. Bf4 Bg7 5. c3 d6 6. Bb5 0-0 7. Ne2 a6 8. Ba4 Nh5 9. Be3 Na5 10. Nd2 e5 11. d5 b5 12. Bc2 Qh4+ 13. Bf2 Qg5 14. 0-0 Bh6 15. Nb3 Nc4 16. h4 Qe7 17. g4 Nf4 18. g5 Bxg5 19. hxg5 Qxg5+ 20. Ng3 Ne3 0-1

[Event "Catalao op 1st"]
[Site "Catalao"]
[Date "2019.02.09"]
[Round "1"]
[White "Couto, Januario Pereira Do"]
[Black "Labussiere, Victor"]
[Result "0-1"]
[WhiteElo "1427"]
[BlackElo "2117"]
[PlyCount "44"]
[EventDate "2019.02.09"]
[EventType "swiss"]
[EventRounds "5"]
[EventCountry "BRA"]
[SourceTitle "CBM 189 Extra"]
[Source "ChessBase"]
[SourceDate "2019.06.03"]
[SourceVersion "1"]
[SourceVersionDate "2019.06.03"]
[SourceQuality "1"]

1. e4 c5 2. d4 cxd4 3. c3 Nf6 4. e5 Nd5 5. cxd4 d6 6. Bc4 Nb6 7. Bb3 dxe5 8. dxe5 Qxd1+ 9. Bxd1 Nc6 10. Nf3 Bg4 11. 0-0 Nd5 12. Ba4 Bxf3 13. Bxc6+ bxc6 14. gxf3 e6 15. Bd2 Be7 16. Nc3 Nxc3 17. Bxc3 Rd8 18. Rfd1 Rd5 19. f4 Kd7 20. Rd2 Kc7 21. Rad1 Rhd8 22. Ba5+ Rxa5 0-1

[Event "Catalao op 1st"]
[Site "Catalao"]
[Date "2019.02.09"]
[Round "2"]
[White "Dorneles, Luiz Eduardo Fonsec"]
[Black "Couto, Januario Pereira Do"]
[Result "0-1"]
[WhiteElo "1042"]
[BlackElo "1427"]
[PlyCount "76"]
[EventDate "2019.02.09"]
[EventType "swiss"]
[EventRounds "5"]
[EventCountry "BRA"]
[SourceTitle "CBM 189 Extra"]
[Source "ChessBase"]
[SourceDate "2019.06.03"]
[SourceVersion "1"]
[SourceVersionDate "2019.06.03"]
[SourceQuality "1"]

1. e4 c5 2. d4 cxd4 3. c3 d3 4. Bxd3 Nc6 5. Nf3 d6 6. Bb5 Nf6 7. e5 dxe5 8. Qxd8+ Kxd8 9. Bxc6 bxc6 10. Nxe5 Ke8 11. Nxc6 Bb7 12. Nd4 Bxg2 13. Rg1 Be4 14. Bg5 Nd5 15. f3 Bg6 16. Nd2 h6 17. Bh4 e5 18. c4 Nb4 19. Kd1 a6 20. a3 Nd3 21. b4 exd4 22. b5 axb5 23. cxb5 Rxa3 24. Rxa3 Bxa3 25. b6 Kd7 26. Nc4 Nb2+ 27. Nxb2 Bxb2 28. Kd2 Ba3 29. Ra1 Bb4+ 30. Kc1 Rc8+ 31. Kb2 Bc3+ 32. Kb3 Bxa1 33. Kb4 Kc6 34. Ka5 Kb7 35. Kb5 Bd3+ 36. Ka5 Bc3+ 37. Ka4 Bc2+ 38. Ka3 Ra8# 0-1

[Event "Goiania Goias op"]
[Site "Goiania"]
[Date "2018.10.21"]
[Round "5"]
[White "Couto, Januario Pereira Do"]
[Black "Raggiotto, Mauro Cezar"]
[Result "0-1"]
[WhiteElo "1521"]
[BlackElo "1472"]
[PlyCount "56"]
[EventDate "2018.10.19"]
[EventType "swiss"]
[EventRounds "6"]
[EventCountry "BRA"]
[SourceTitle "CBM 187 Extra"]
[Source "ChessBase"]
[SourceDate "2018.11.04"]
[SourceVersion "1"]
[SourceVersionDate "2018.11.04"]
[SourceQuality "1"]

1. e4 e5 2. Nf3 Nc6 3. Bb5 a6 4. Ba4 Be7 5. c3 d6 6. h3 Nf6 7. d3 0-0 8. 0-0 Bd7 9. Be3 Re8 10. Nbd2 b5 11. Bc2 Bf8 12. Re1 Ne7 13. d4 Ng6 14. Nf1 Rc8 15. Ng3 exd4 16. cxd4 c5 17. Rc1 Bc6 18. d5 Bd7 19. Qd3 c4 20. Qd4 Ne5 21. Nxe5 Rxe5 22. f4 Re7 23. e5 dxe5 24. fxe5 Ne8 25. Bg5 f6 26. exf6 Rxe1+ 27. Rxe1 Nxf6 28. Nh5 Bc5 0-1

[Event "Trindade op"]
[Site "Trindade"]
[Date "2018.08.31"]
[Round "2"]
[White "Couto, Januario Pereira Do"]
[Black "Silva, Maria Vitoria de So"]
[Result "1-0"]
[WhiteElo "1540"]
[BlackElo "1698"]
[PlyCount "45"]
[EventDate "2018.08.31"]
[EventType "swiss"]
[EventRounds "6"]
[EventCountry "BRA"]
[SourceTitle "CBM 187 Extra"]
[Source "ChessBase"]
[SourceDate "2018.11.04"]
[SourceVersion "1"]
[SourceVersionDate "2018.11.04"]
[SourceQuality "1"]

1. e4 e5 2. Nf3 Nc6 3. Bb5 d6 4. d4 Bg4 5. dxe5 Qc8 6. exd6 cxd6 7. 0-0 d5 8. exd5 Bc5 9. Re1+ Kf8 10. dxc6 bxc6 11. Bc4 Qc7 12. Bg5 Qc8 13. Nbd2 Qf5 14. Bd3 Bb6 15. Bxf5 Bxf5 16. Nc4 f6 17. Bf4 Rd8 18. Bd6+ Kf7 19. Nxb6 axb6 20. Nh4 Bc8 21. Qd3 Nh6 22. Qb3+ Be6 23. Qxe6# 1-0

[Event "Cuiaba Contaud op"]
[Site "Cuiaba"]
[Date "2017.07.29"]
[Round "3"]
[White "Gomes, Mateus Ferreira"]
[Black "Couto, Januario Pereira Do"]
[Result "1-0"]
[WhiteElo "1750"]
[BlackElo "1574"]
[PlyCount "35"]
[EventDate "2017.07.28"]
[EventType "swiss"]
[EventRounds "6"]
[EventCountry "BRA"]
[SourceTitle "EXT 2018"]
[Source "ChessBase"]
[SourceDate "2017.10.13"]
[SourceVersion "1"]
[SourceVersionDate "2017.10.13"]
[SourceQuality "1"]

1. d4 d5 2. c4 e6 3. Nc3 Nf6 4. Bg5 Nbd7 5. Nf3 Be7 6. e3 0-0 7. cxd5 exd5 8. Bd3 c5 9. 0-0 a6 10. a4 c4 11. Be2 h6 12. Bh4 Bd6 13. e4 dxe4 14. Nxe4 Be7 15. Nxf6+ Nxf6 16. Bxc4 Bf5 17. Qb3 Qc7 18. Ne5 1-0

[Event "Cuiaba Contaud op"]
[Site "Cuiaba"]
[Date "2017.07.28"]
[Round "1"]
[White "Campelo, Leandro Fabricio"]
[Black "Couto, Januario Pereira Do"]
[Result "1-0"]
[WhiteElo "2205"]
[BlackElo "1574"]
[PlyCount "21"]
[EventDate "2017.07.28"]
[EventType "swiss"]
[EventRounds "6"]
[EventCountry "BRA"]
[SourceTitle "EXT 2018"]
[Source "ChessBase"]
[SourceDate "2017.10.13"]
[SourceVersion "1"]
[SourceVersionDate "2017.10.13"]
[SourceQuality "1"]

1. e4 d5 2. exd5 Qxd5 3. Nc3 Qd6 4. Bc4 Nf6 5. d4 Nbd7 6. Nf3 a6 7. 0-0 b5 8. Bb3 Bb7 9. Ng5 e6 10. Re1 Nd5 11. Nxf7 1-0

[Event "Cuiaba Contaud op"]
[Site "Cuiaba"]
[Date "2017.07.28"]
[Round "2"]
[White "Couto, Januario Pereira Do"]
[Black "Stivanelli, Leonardo Alexandre"]
[Result "0-1"]
[WhiteElo "1574"]
[BlackElo "1937"]
[PlyCount "92"]
[EventDate "2017.07.28"]
[EventType "swiss"]
[EventRounds "6"]
[EventCountry "BRA"]
[SourceTitle "EXT 2018"]
[Source "ChessBase"]
[SourceDate "2017.10.13"]
[SourceVersion "1"]
[SourceVersionDate "2017.10.13"]
[SourceQuality "1"]

1. e4 e6 2. Nf3 d5 3. Nc3 Nf6 4. e5 Nfd7 5. d4 c5 6. dxc5 Bxc5 7. Bb5 Nc6 8. Bf4 Qb6 9. 0-0 0-0 10. Rb1 Nd4 11. Bd3 Nxf3+ 12. Qxf3 Be7 13. Qg3 f5 14. exf6 Nxf6 15. Rfe1 Nh5 16. Bc7 Qc5 17. b4 Nxg3 18. bxc5 Nf5 19. Bxf5 Rxf5 20. Bd6 Bxd6 21. cxd6 b6 22. Nb5 Rf6 23. Nc7 Rb8 24. Re3 Bd7 25. Rbe1 Rd8 26. Nxe6 Bxe6 27. Rxe6 Rxd6 28. Re8+ Rf8 29. Rxf8+ Kxf8 30. Re3 Rc6 31. Re2 Kf7 32. f4 Rc3 33. g4 Ra3 34. Re5 Rxa2 35. Rxd5 Ke6 36. Re5+ Kf6 37. Rf5+ Ke7 38. Re5+ Kd6 39. Re2 a5 40. Rd2+ Ke6 41. Re2+ Kf6 42. h4 a4 43. f5 Rb2 44. Re6+ Kf7 45. Rc6 a3 46. Rc7+ Kf6 0-1

[Event "Goiania IRT U2200 1st"]
[Site "Goiania"]
[Date "2017.06.24"]
[Round "3.4"]
[White "Couto, Januario Pereira Do"]
[Black "Raggiotto, Mauro Cezar"]
[Result "0-1"]
[WhiteElo "1581"]
[BlackElo "1423"]
[PlyCount "60"]
[EventDate "2017.06.24"]
[EventType "swiss"]
[EventRounds "5"]
[EventCountry "BRA"]
[SourceTitle "EXT 2022"]
[Source "ChessBase"]
[SourceDate "2021.10.06"]
[SourceVersion "1"]
[SourceVersionDate "2021.10.06"]
[SourceQuality "1"]

1. e4 e5 2. Nf3 Nc6 3. Bb5 d6 4. c3 Nf6 5. d3 Be7 6. 0-0 0-0 7. h3 a6 8. Ba4 b5 9. Bc2 b4 10. Bg5 Nh5 11. Bxe7 Qxe7 12. d4 f5 13. d5 bxc3 14. Nxc3 Nb4 15. Bb1 c6 16. a3 fxe4 17. Nh2 Nf4 18. Nxe4 Nbxd5 19. Ba2 Bf5 20. Nc3 Nxh3+ 21. gxh3 Bxh3 22. Bxd5+ cxd5 23. Qxd5+ Kh8 24. Ne4 Bxf1 25. Nxf1 Qh4 26. Nfg3 Rad8 27. Qd3 d5 28. Nc5 e4 29. Qe3 Rf3 30. Qe1 e3 0-1

[Event "Goiania op"]
[Site "Goiania"]
[Date "2017.05.27"]
[Round "3"]
[White "Couto, Januario Pereira Do"]
[Black "Arruda Filho, Ivo Pereira de"]
[Result "0-1"]
[WhiteElo "1586"]
[BlackElo "1807"]
[PlyCount "52"]
[EventDate "2017.05.26"]
[EventType "swiss"]
[EventRounds "6"]
[EventCountry "BRA"]
[SourceTitle "CBM 178 Extra"]
[Source "ChessBase"]
[SourceDate "2017.06.22"]
[SourceVersion "1"]
[SourceVersionDate "2017.06.22"]
[SourceQuality "1"]

1. e4 c6 2. d4 d5 3. Nd2 dxe4 4. Nxe4 Nf6 5. Nxf6+ exf6 6. Nf3 Bd6 7. c3 0-0 8. Bd3 Re8+ 9. Be3 Bf4 10. Qd2 Qe7 11. Ke2 Bg4 12. Rae1 Qc7 13. Kd1 Bxe3 14. Rxe3 Nd7 15. h3 Be6 16. Bb1 Nf8 17. Rhe1 Rad8 18. Kc1 Qd7 19. g4 Bd5 20. Rxe8 Rxe8 21. Rxe8 Qxe8 22. Qd1 Qe6 23. b3 Ng6 24. Bxg6 hxg6 25. Nd2 g5 26. c4 Bg2 0-1

[Event "BRA-ch para Deficientes Visuais sf"]
[Site "Caraguatatuba"]
[Date "2015.09.19"]
[Round "4.3"]
[White "Couto, Januario Pereira Do"]
[Black "Pontes, Jaderson Lucio"]
[Result "1/2-1/2"]
[WhiteElo "1583"]
[BlackElo "1652"]
[PlyCount "71"]
[EventDate "2015.09.18"]
[EventType "swiss"]
[EventRounds "5"]
[EventCountry "BRA"]
[SourceTitle "EXT 2022"]
[Source "ChessBase"]
[SourceDate "2021.10.06"]
[SourceVersion "1"]
[SourceVersionDate "2021.10.06"]
[SourceQuality "1"]

1. c4 Nf6 2. Nc3 e6 3. g3 c6 4. Bg2 Bb4 5. Nf3 Bxc3 6. bxc3 d5 7. cxd5 cxd5 8. d4 Nbd7 9. Bg5 h6 10. Bxf6 Nxf6 11. Ne5 0-0 12. 0-0 Bd7 13. Rb1 Rb8 14. Qd2 a6 15. Rfc1 Bb5 16. c4 dxc4 17. Nxc4 Bxc4 18. Rxc4 b5 19. Rc6 a5 20. e3 b4 21. Qd3 Qd7 22. Rbc1 Rfc8 23. Qa6 Rxc6 24. Rxc6 b3 25. axb3 Rxb3 26. Rc8+ Kh7 27. Qc4 Rb1+ 28. Bf1 g6 29. Qc7 Qxc7 30. Rxc7 Kg7 31. Ra7 Rb3 32. Bc4 Rb1+ 33. Kg2 Kf8 34. Rxa5 Rc1 35. Ra8+ Ke7 36. Ra7+ 1/2-1/2